Experiments in nursery techniques for acacia mangium seedling production

Bibliographic Details
Main Author: OKADA
Corporate Authors: Japan International Cooperation Agency (JICA), Sabah Forestry Development Authority (SAFODA)
Format: Book
Published: Kota Kinabalu, Sabah : SAFODA , 1994
Subjects:

MARC

LEADER 00000cam a2200000 7i4500
001 0000001345
005 20030415.0
090 0 0 |a 634.973748   |b OKA 1994 
100 1 0 |a OKADA   |h Katsusuke 
245 1 0 |a Experiments in nursery techniques for acacia mangium seedling production   |c Katsusuke Okada ... (et al.) 
260 0 0 |a Kota Kinabalu, Sabah :   |b SAFODA ,   |c 1994 
300 |a 36 p. :   |b ill. ;   |c 30 cm. 
650 0 0 |a Mangium 
710 1 1 |a Japan International Cooperation Agency (JICA) 
710 1 1 |a Sabah Forestry Development Authority (SAFODA) 
998 |a JPSM 
999 |a 0000000245   |b Monograph   |c Open Shelf   |e Default branch 
999 |a 0000000411   |b Monograph   |c Open Shelf   |e Default branch 
999 |a 0000000412   |b Monograph   |c Open Shelf   |e Default branch 
999 |a 0000000413   |b Monograph   |c Open Shelf   |e Default branch 
999 |a 0000000414   |b Monograph   |c Open Shelf   |e Default branch 
999 |a 0000000415   |b Monograph   |c Open Shelf   |e Default branch 
999 |a 0000000416   |b Monograph   |c Reference   |e Default branch 
999 |a 0000000417   |b Monograph   |c Open Shelf   |e Default branch 
999 |a 0000000418   |b Monograph   |c Open Shelf   |e Default branch